Epic: The Musical - Just A Man - Statistics

General Stats
  • This quiz has been taken 11 times
  • The average score is 151 of 182
Answer Stats
Hint Answer % Correct
Odysseus: I
100%
I'm
100%
a
88%
become
88%
blaze?
88%
candle
88%
comet
88%
could
88%
does
88%
fighting
88%
for
88%
go
88%
his
88%
home
88%
How
88%
hurt
88%
just
88%
life
88%
man
88%
me~
88%
me...
88%
meteor?
88%
monster?
88%
the
88%
these
88%
tidal
88%
to
88%
trying
88%
wave?
88%
when
88%
When
88%
who's
88%
you?
88%
actions
75%
all
75%
and
75%
as
75%
back
75%
But
75%
Close
75%
days?
75%
endless
75%
Every
75%
eyes
75%
Odysseus: Forgive
75%
haunt
75%
he
75%
into
75%
Is
75%
I've
75%
left
75%
look
75%
mine
75%
my
75%
of
75%
old
75%
pain?
75%
pay
75%
price
75%
see
75%
son
75%
spare
75%
think
75%
view
75%
war
75%
was
75%
wife
75%
Will
75%
world
75%
would
75%
your
75%
You're
75%
yourself
75%
after
63%
away
63%
blame?
63%
Deep
63%
down
63%
Even
63%
from
63%
reason
63%
ripple
63%
slain?
63%
trade
63%
what
63%
years
63%
known
50%
No matching quizzes found
Score Distribution
Percent of People with Each Score
Percentile by Number Answered
Your Score History
You have not taken this quiz